Statistics for Guess the Taylor Swift song with no hint 25

Click here to take the quiz!

General Stats

  • This quiz has been taken 803 times
  • The average score is 235 of 261

Answer Stats

Answer% Correct
I
100%
a
98%
you
98%
and
96%
And
96%
me
96%
the
96%
we
96%
We
96%
my
95%
My
95%
is
94%
to
94%
where
94%
your
94%
be
93%
Can
93%
in
93%
You're
93%
you're
93%
ever?
92%
ever)
92%
for
92%
Lover
92%
lover
92%
This
92%
this
92%
all
91%
go
91%
go?
91%
on
91%
always
90%
I'll
90%
of
90%
our
90%
take
90%
that
90%
up
90%
who
90%
every
89%
(forever
89%
forever
89%
I'm
89%
make
89%
with
89%
With
89%
at
88%
Christmas
88%
close
88%
could
88%
home
88%
January
88%
leave
88%
lights
88%
out
88%
place
88%
this
88%
til
88%
will
88%
rules
87%
want
87%
been
86%
Have
86%
I've
86%
man
86%
now
86%
Oh
86%
please
86%
you'll
86%
gentlemen
85%
hand
85%
has
85%
Ladies
85%
or
85%
stand?
85%
yours
85%
but
84%
force
84%
magnetic
84%
save
84%
seat
84%
about
83%
end
83%
jokes
83%
loved
83%
room
83%
table
83%
well
83%
guitar
82%
heart's
82%
living
82%
true
82%
years?
82%
20
81%
blue
81%
call
81%
dirtiest
81%
everyone
81%
friends
81%
known
81%
overdramatic
81%
seconds
81%
string
81%
summers
81%
there's
81%
three
81%
all's
80%
dear
80%
honey
80%
sees
80%
Swear
80%
wants
80%
way
80%
ends
79%
let
79%
scar
79%
ah
78%
crash
78%
dazzling
78%
highly
78%
mysterious
78%
suspicious
78%
borrowed
76%
em
76%
haze
75%
Darling
73%

Score Distribution

Percentile by Number Answered

Percent of People with Each Score

Your Score History

You have not taken this quiz